00869nam a22002417a 45000010005000000030006000050050017000110080041000280200018000690400029000870500015001160820010001311000027001412450092001682600055002603000056003155050007003715200132003785210027005105210018005376500042005557000030005979348FISKH20251211141247.0251211b cb ||||| |||| 00| 0 eng d a9781845070243 aFISKHbengcFISKHdFISKH aPZ7.M529 O a823.3 aMennen, IngrideAuthor aOne round moon and a star for me /cStory by Ingrid Mennen ; Illustrations by Niki Daly aLondon :bFrances Lincoln Children's Books ,c2004 a30 unnumbered pages :bcolor illustrations ;c27 cm aJ  aA young boy of rural Lesotho needs reassurance that his father is still his papa, too, when a new baby is born into the family.8 a500 bLexile estimate 8 aJ bRaz-Plus  aChildren's picture bookvSouth Africa aDaly, Niki eIllustrator